Chinas /

Guardat en:
Dades bibliogràfiques
Autor principal: Echevarría, Arantxa (realización)
Altres autors: Echevarría, Arantxa (guión) (guión), Sánchez Díaz, Pilar (fotógrafo) (fotógrafo), Mora, Teresa (vestuario) (vestuario), Sanjuán, Renato (montaje) (montaje), Herlop, Marina (música) (música), Yang, Daniela Shiman (actuación) (actuación), Ye, Xinyi (actuación) (actuación), Qiu, Ella (actuación) (actuación)
Format: Diapositiva
Idioma:espanyol
Publicat: España : Ayuntamiento de Madrid : Hojalata Films, 2023, c2023
Col·lecció:(A Contracorriente Films ; 1237)
Matèries:
Etiquetes: Afegir etiqueta
Sense etiquetes, Sigues el primer a etiquetar aquest registre!

MARC

LEADER 00000ngm^a2200000^a^4500
001 000629879
005 20260325000000.0
009 20260407175359.026
037 |a Acervo ITESO - Biblioteca 
041 |a ESP 
082 |a Es 860.  |b ECH 
100 |a Echevarría, Arantxa  |e (realización) 
245 1 0 |a Chinas /  |c Realización de A. Echevarría. 
264 4 |a España :  |b Ayuntamiento de Madrid :  |b Hojalata Films,  |c 2023, c2023 
264 2 |a Barcelona, España :  |b A Contracorriente Films [distribución],  |c 2024, c2024 
300 |a 1 DVD región 2 PAL (113, 5 min.) :  |b color 
336 |a imagen móvil bidimensional  |b tdi  |2 rdacontenido 
337 |a video  |b v  |2 rdamedio 
338 |a videodisco  |b vd  |2 rdasoporte 
440 1 |a (A Contracorriente Films ;  |v 1237) 
546 |a En español y chino mandarín, con subtítulos opcionales: español, inglés 
546 |a Audiodescripción en español, para ciegos y débiles visuales 
649 |a XX 
650 |a Chinos en España -  |x Condiciones Sociales y Culturales -  |x Tema Principal 
650 |a Hijos Adoptivos en el Cine 
650 |a Niños en el Cine 
650 |a Mujeres en el Cine 
650 |a Barrios -  |z Madrid, España 
650 |a Making Of (Documentales detrás de Cámaras) 
650 |a Producción Cinematográfica -  |z España 
650 |a Dramas Cinematográficos 
650 |a Cine en Chino -  |z España 
650 |a Cine de Mujeres -  |z España 
650 |a Cine Español -  |y 2020-2029 
650 |a Cine Español -  |y Siglo XXI 
650 |a Racismo -  |z España 
650 |a Inmigración -  |z España 
650 |a Emigración -  |z China 
650 |a Migración -  |z China-España 
650 |a Prácticas Culturales -  |z China 
650 |a Prácticas Culturales -  |z España 
700 |a Echevarría, Arantxa  |e (guión) 
700 |a Sánchez Díaz, Pilar  |e (fotógrafo) 
700 |a Mora, Teresa  |e (vestuario) 
700 |a Sanjuán, Renato  |e (montaje) 
700 |a Herlop, Marina  |e (música) 
700 |a Yang, Daniela Shiman  |e (actuación) 
700 |a Ye, Xinyi  |e (actuación) 
700 |a Qiu, Ella  |e (actuación) 
910 |a Fondo General 
920 |a Audiovisuales - DVDs 
940 |a Películas 
905 |a 308 
901 |a 629879-10  |b IT2  |c DVR  |i C193275  |u 20260325 
902 |a https://opac.biblio.iteso.mx/vufind/Record/000629879